000 00406nam a2200145Ia 4500
008 210210b1971 xxu||||| |||| 00| 0 eng d
082 _a332.3 MADF
100 _aMADAIAH (M).
245 _aFinancial intermediaries, economic development & monetary policy
260 _aMysore
_bUniversity of Mysore
_c1971
300 _a204
650 _aFinancial intermediaries
690 _aBanking
906 _aSG00770
999 _c112417
_d112417